Normal view
MARC view
Entry Personal Name
001 - CONTROL NUMBER
- control field: 30869
003 - CONTROL NUMBER IDENTIFIER
- control field: dpl
005 - DATE AND TIME OF LATEST TRANSACTION
- control field: 20110802144844.0
008 - FIXED-LENGTH DATA ELEMENTS
- fixed length control field: 110802|||a|||||| | ||| d
040 ## - CATALOGING SOURCE
- Original cataloging agency: dpl
- Transcribing agency: dpl
100 ## - HEADING--PERSONAL NAME
- Personal name: Renuka, P.
670 ## - SOURCE DATA FOUND
- Source citation: Work cat.: (dpl)38892: Renuka, P., Library and information services in agricultural education, research and extension /, 2009
670 ## - SOURCE DATA FOUND
- Source citation: Work cat.: (dpl)38892: Renuka, P., Library and information services in agricultural education, research and extension /, 2009
